01613nam a2200409 a 4500001001200000003000800012006001900020007001500039008004100054010001700095020003500112020001800147020002700165040002100192035002100213043001200234050002400246082002600270100002300296245010300319260005200422300001400474490002200488533015200510600004400662650004300706650004000749650004900789650004700838651006600885651003800951655002900989710001701018830002301035856012601058999001901184ebr10499922CaPaEBRm u cr cn|||||||||040324s2004 miu s 000 0deng d z 2004006440 z0814332331 (pbk. : alk. paper) z9780814332337 z9780814335796 (e-book) aCaPaEBRcCaPaEBR a(OCoLC)755632768 an-us-mi14aF572.O3bO58 2004eb04a977.4/5943/092aB2221 aOomen, Anne-Marie.10aPulling down the barnh[electronic resource] :bmemories of a rural childhood /cAnne-Marie Oomen. aDetroit :bWayne State University Press,c2004. ax, 138 p.1 aGreat Lakes books aElectronic reproduction.bPalo Alto, Calif. :cebrary,d2013.nAvailable via World Wide Web.nAccess may be limited to ebrary affiliated libraries.10aOomen, Anne-MariexChildhood and youth. 0aCountry lifezMichiganzOceana County. 0aFarm lifezMichiganzOceana County. 0aFarmerszMichiganzOceana CountyvBiography. 0aGirlszMichiganzOceana CountyvBiography. 0aOceana County (Mich.)xSocial life and customsy20th century. 0aOceana County (Mich.)vBiography. 7aElectronic books.2local2 aebrary, Inc. 0aGreat Lakes books.40uhttp://site.ebrary.com/lib/rucke/Doc?id=10499922zAn electronic book accessible through the World Wide Web; click to view c243109d243109